Scrambled Words Ending in “U” - Statistics

General Stats
  • This quiz has been taken 25 times
  • The average score is 24 of 31
Answer Stats
Hint Answer % Correct
eunM menu
100%
utTu tutu
100%
ieuL lieu
95%
ufoT tofu
95%
rucE ecru
89%
Guur guru
89%
kHaiu haiku
89%
aLuu luau
89%
uaSnf snafu
89%
iuAed adieu
84%
Buea beau
84%
umuMuu muumuu
84%
aelbuaT tableau
84%
ohuT thou
84%
uBaoy bayou
79%
eiiluM milieu
79%
Nouveua nouveau
79%
eatPaul plateau
79%
Buuaer bureau
74%
oCbaiur caribou
74%
htaCuae chateau
74%
Tsiaurmi tiramisu
74%
amelbuaF flambeau
68%
Juuujts jujutsu
68%
mIporuptm impromptu
63%
Toreaussu trousseau
63%
anaduBe bandeau
58%
oruofrFu froufrou
58%
suarHfua hausfrau
42%
Miaount manitou
42%
natPtamouer portmanteau
42%
No matching quizzes found
Score Distribution
Percent of People with Each Score
Percentile by Number Answered
Your Score History
You have not taken this quiz